000 00685nam a22002297a 4500
999 _c15329
_d15329
003 AR-CdUCM
008 190401b ||||| |||| 00| 0 spa d
040 _aMUNICIPALIDAD PROVINCIAL DEL CUSCO
_cBIBLIOTECA MUNICIPAL DEL CUSCO
082 _aEP / 848 /
_bR21
100 _aRamirez, Pablo
_934378
245 _aCuento de hadas de Grimm /
260 _aBarcelona :
_bEdit.Molino,
_c1960.
300 _a118 paginas ;
_c29 cm.
500 _aCuentos
505 _aContenido :Cuentos /
650 _aLiteratura de educacional primaria
_927710
650 _aCuentos
_9217
650 _aHistoria
_9136
700 _aH.C.Granch
_927711
942 _2ddc
_cLIBROS
945 _apjha
_d2019-04-26